Logo BPK

Biblioteka

Politechniki Koszalińskiej

Ustawodawstwo dewizowe / (Rekord nr 26157)

Szczegóły MARC
000 -ETYKIETA REKORDU
podpole kontrolne o stałej długości 00431nam a2200157 i 4500
001 - NUMER KONTROLNY REKORDU
pole kontrolne bg
040 ## - ŹRÓDŁO KATALOGOWANIA
Instytucja, która utworzyła rekord BPK
041 ## - KOD JĘZYKA
Kod języka tekstu pol
008 - POLE O STAŁEJ DŁUGOŚCI - DANE KONTROLNE
podpole kontrolne o stałej długości s pl f |000 0 pol
100 1# - NAZWA OSOBOWA
Nazwa osobowa BIDZIŃSKI, Zbigniew
245 #0 - TYTUŁ/ODPOWIEDZIALNOŚĆ
Tytuł Ustawodawstwo dewizowe /
Pozostałe elementy strefy tytułu i oznaczenia odpowiedzialności Zbigniew Bidziński, Konrad Sosnowski.
250 ## - STREFA WYDANIA
Oznaczenie wydania Wyd.5 wg. stanu prawnego na dzień 31.03.1974r.
260 ## - STREFA ADRESU WYDAWNICZEGO
Miejsce wydania Warszawa,
Data publikacji, dystrybucji/powstania dokumentu 1974.
700 1# - HASŁO DODATKOWE - NAZWA OSOBOWA
Nazwa osobowa SOSNOWSKI, Konrad
856 ## - LOKALIZACJA I DOSTĘP DO ELEKTRONICZNYCH DOKUMENTÓW ZDALNYCH
Link (URL) http://koha.tu.koszalin.pl/cgi-bin/koha/opac-detail.pl?biblionumber=26157
Tekst linku Katalog online BPK
942 ## - DODATKOWE ELEMENTY (KOHA)
Typ dokumentu Książka
Egzemplarze
Wycofany Status egzemplarza Uszkodzony Dostępność Lokalizacja stała Lokalizacja bieżąca Miejsce przechowywania Sygnatura Kod kreskowy Typ dokumentu
      Dostępny Biblioteka Politechniki Koszalińskiej Biblioteka Politechniki Koszalińskiej Wypożyczalnia BG 17320 01711073 Książka
© 2023 Biblioteka Politechniki Koszalińskiej :: KOHA